| 000 | 00602pam a2200205 4500 | ||
|---|---|---|---|
| 001 | 74 | ||
| 005 | 20181127160301.0 | ||
| 008 | 880303s1988 nju 001 0 eng | ||
| 010 | _a 88005934 | ||
| 020 | _a0131103628 (pbk.) | ||
| 020 | _a0131103709 | ||
| 100 | 1 | _aKernighan, Brian W. | |
| 245 | 1 | 4 |
_aThe C programming language / _cBrian W. Kernighan, Dennis M. Ritchie. |
| 250 | _a2nd ed. | ||
| 260 |
_aEnglewood Cliffs, N.J. : _bPrentice Hall, _cc1988. |
||
| 300 |
_axii, 272 p. ; _c25 cm. |
||
| 500 | _aIncludes index. | ||
| 650 | 0 | _aC (Computer program language) | |
| 700 | 1 |
_aRitchie, Dennis M., _d1941- |
|
| 999 |
_c62 _d62 |
||